000 01386nam a2200253Ia 4500
999 _c53621
_d53621
001 20668
003 GE_BSU
005 20210301203728.0
008 181216s2017||||ge |||||||||||||| || ||
020 _a9789941949180
040 _cGE_BSU
041 _ageo
080 _a821.353.1-92 ჩ-65
100 _aჩირგაძე, დავით
_910281
245 _aსულისმიერი ნაბიჯებით : წერილები, ლექსები :
_bეძღვნება შოთა რუსთაველის 850 წლისთავს /
_cდავით ჩირგაძე ; რედაქტორი ნინო ხაბეიშვილი ; მხატვარი ზაალ სალუაშვილი ; მხატვარი - გამფორმებელი გარეკანზე ლაშა კინწურაშვილი.
264 _aთბილისი :
_b[?],
_c2017.
300 _a112 გვ. :
_bილ. ;
_c20 სმ.
653 _aსულისმიერი ნაბიჯებით
653 _aწერილები
653 _a ლექსები
700 _a ხაბეიშვილი, ნინო
_eრედაქტორი
_910282
700 _aსალუაშვილი, ზაალ
_e მხატვარი
_910283
942 _cBK
_2udc